Identifikácia systémov a návrh robustného regulátora

Salvato in:
Dettagli Bibliografici
Autore principale: Kršák, Ján (Autore)
Altri autori: Švantnerová, Terézia, 1943- (Relatore della tesi)
Natura: Manoscritto Libro
Lingua:slovacco
Pubblicazione: Bratislava : STU v Bratislave FEI, 2001
Soggetti:
Tags: Aggiungi Tag
Nessun Tag, puoi essere il primo ad aggiungerne!!

MARC

LEADER 00000ntm a22000003a 4500
001 stu73486
005 20160719164801.8
008 020130s2001------------------------slo-d
040 |a STU  |b slo 
041 0 |a slo 
100 1 |a Kršák, Ján  |4 aut 
245 1 |a Identifikácia systémov a návrh robustného regulátora 
260 |a Bratislava :  |b STU v Bratislave FEI,  |c 2001 
300 |a 116 s 
650 7 |a automatizácia  |2 stusub 
700 1 |a Švantnerová, Terézia,  |d 1943-  |4 ths  |u E010  |T FEI Ústav riadenia a priemyselnej informatiky  |X 4926  |U E010  |Y E010  |7 A000004926